| 000 | 00366nam a2200157Ia 4500 | ||
|---|---|---|---|
| 008 | 210716s1988 xx 000 0 und d | ||
| 020 | _a78812976 | ||
| 041 | _aeng | ||
| 082 | _a005.3001 MINM | ||
| 100 | _aMincberg, Mella. | ||
| 245 | _aWordperfect made easy. | ||
| 250 | _a1 | ||
| 260 |
_aCalifornia _bMcGraw Hill _c1988 |
||
| 300 | _axiv,492 | ||
| 650 | _aNone | ||
| 999 |
_c183219 _d183219 |
||